| 000 | 00541nam a22001817a 4500 | ||
|---|---|---|---|
| 999 |
_c190723 _d190723 |
||
| 005 | 20220803153513.0 | ||
| 010 | _aENG-134196 | ||
| 020 |
_c199.00 _a9789386050052 |
||
| 035 | _aEN-117728 | ||
| 037 | _bDBAD/PUB | ||
| 082 | _a025.4 | ||
| 100 | _aDaruwala,Rohinton | ||
| 245 |
_aThe Sand Libraries of Timbuktu/ _cby Rohinton Daruwala |
||
| 260 |
_aNew Delhi _bSpeaking Tiger Publishing _c2016 |
||
| 270 |
_a4381/4,Ansari Road,Daryaganj, _bNew Delhi _e110002 |
||
| 300 |
_a81p.. _c22cm(Hb) |
||
| 942 |
_2ddc _cEN _h025.4 _mDAR |
||